Los grandes procesos morbosos / (Record no. 162089)

MARC details
000 -LEADER
campo de control de longitud fija 00785nam a2200205 i 4500
001 - NÚMERO DE CONTROL
campo de control 162089
003 - IDENTIFICADOR DE NÚMERO DE CONTROL
campo de control ES-MaACL
005 - FECHA Y HORA DE LA ÚLTIMA TRANSACCIÓN
campo de control 20230906212426.0
008 - DATOS DE LONGITUD FIJA--INFORMACIÓN GENERAL
campo de control de longitud fija 931025s1879 sp a |||| | spa d
100 1# - ENTRADA PRINCIPAL--NOMBRE DE PERSONA
Nombre de persona Picot, Jean-Joseph.
9 (RLIN) 131134
245 14 - MENCIÓN DEL TÍTULO
Título Los grandes procesos morbosos /
Mención de responsabilidad, etc. por J.-J. Picot ; con un prólogo del Dr. Cárlos Robin ; versión española de M. Carreras Sanchis.
260 ## - PUBLICACIÓN, DISTRIBUCIÓN, ETC.
Lugar de publicación, distribución, etc. Madrid :
Nombre del editor, distribuidor, etc. [s.n.],
Fecha de publicación, distribución, etc. 1879 (
Fabricante Imp. de Enrique Teodoro)
300 ## - DESCRIPCIÓN FÍSICA
Extensión 2 v. (XXXI, 788, [2] ; 1077, [3] p.) :
Otras características físicas il. ;
Dimensiones 24 cm.
594 ## - Nota al título y mención de responsabilidad
Nota al título y mención de responsabilidad Precede al tít.: "Lecciones de patologia general"
650 #4 - PUNTO DE ACCESO ADICIONAL DE MATERIA--TÉRMINO DE MATERIA
Término de materia o nombre geográfico como elemento de entrada Patología.
9 (RLIN) 15884
700 1# - ENTRADA AGREGADA--NOMBRE PERSONAL
Nombre de persona Robin, Charles.
9 (RLIN) 131893
700 0# - ENTRADA AGREGADA--NOMBRE PERSONAL
Nombre de persona Carreras Sanchís, Manuel.
9 (RLIN) 35680
852 ## - LOCALIZACIÓN
Ubicación ES-MaACL
Número de control de estantería G-5268-69
Nota libre -- Enc. hol.
Holdings
Estatus retirado Estado de pérdida Estado de daño No para préstamo Colección Biblioteca de origen Biblioteca actual Ubicación en estantería Fecha de adquisición Total de préstamos Signatura topográfica completa Código de barras Visto por última vez Precio de reemplazo Tipo de ítem Koha
        Libros del s. XIX Biblioteca del Ateneo de Madrid Biblioteca del Ateneo de Madrid Depósito 2 17/01/2008   G-5268-69 1169798 23/02/2023 23/02/2023 Libro impreso antiguo